00857cam a22002297a 4500003000500000005001700005008004100022010001000063011001000073035001000083040000900093100002700102245023900129260004100368300001000409530003600419650003400455650003100489650002800520856006300548856001600611CHAP20220329142739.0031023s2002 mx r 00010 spa d a87176 a88148 a98693 cCHAP00aArcos Landero, Misael.10aAnálisis y evaluación financiera de la cadena de farmacias "La Central" en la región de Texcoco, a partir de razones financieras, punto de equilibrio y pronóstico financieroc/por Misael Arcos Landero y Yanet Reyes Hernández aChapingo, Méx. :bEl autor,c2002. a74 h. aTambién disponible en línea14aAdministración de empresas.14aEmpresaszMéxico (Edo.).14aFinanzasxEvaluación. 3Finding aiduhttp://10.13.5.2/tesis/98693.pdfzTeclea aqui a1 n0000464